• 首页
  • 本馆介绍
  • 公告通知
  • 最新文献
  • 馆藏检索
  • 电子资源
  • 读者导购
  • 参考咨询
  • 我的图书馆
  • 登录
  • 详细信息显示
  • 放入我的书架
  • 预约/预借图书
  • 作者相关作品
  • 分类相关作品
  • 丛书相关作品
  • 出版社相关作品

书目信息

  • 表格格式
  • 工作单格式
  • 卡片格式
题名:
新时期全面深化国有经济改革研究
    
 
作者: 黄群慧 著
分册:  
出版信息: 北京   中国社会科学出版社  2015
页数: 620页
开本: 24cm
丛书名: 中国社会科学院文库
单 册:
中图分类: F121.21
科图分类:
主题词: 中国经济--zhong guo jing ji--国有经济--经济体制改革--研究
电子资源:
ISBN: 978-7-5161-7338-1
000 01242nam0 22002771 450
001 0124140323
005 20170324140323.0
010    @a978-7-5161-7338-1@dCNY139.00
100    @a20160323d2015 em y0chiy50 ea
101 0  @achi
102    @aCN@b110000
105    @ay z 000yy
106    @ar
200 1  @a新时期全面深化国有经济改革研究@9xin shi qi quan mian shen hua guo you jing ji gai ge yan jiu@dStudy on comprenensively deepening the reform of state-owned economy in a new era@f黄群慧等著@zeng
210    @a北京@c中国社会科学出版社@d2015
215    @a620页@d24cm
225 2  @a中国社会科学院文库@9zhong guo she hui ke xue yuan wen ku@i经济研究系列
300    @a中国社会科学院创新工程学术出版资助项目
330    @a本书包括中国国有经济发展的历史沿革、国有经济现状、国有经济的行业分布与控制力、中国发展国有经济的理论依据、发展混合所有制研究、产权保护制度研究等内容。
461  0 @12001 @a中国社会科学院文库
510 1  @aStudy on comprenensively deepening the reform of state-owned economy in a new era@zeng
606 0  @a中国经济@9zhong guo jing ji@x国有经济@x经济体制改革@x研究
690    @aF121.21@v5
701  0 @a黄群慧@9huang qun hui@f(1966~)@4著
801  0 @aCN@bTANGWEI@c20170308
905    @b0963223-4@dF121.21@e267@f2
    
    新时期全面深化国有经济改革研究=Study on comprenensively deepening the reform of state-owned economy in a new era/黄群慧等著.-北京:中国社会科学出版社,2015
    620页;24cm.-(中国社会科学院文库.经济研究系列)
    中国社会科学院创新工程学术出版资助项目
    
    ISBN 978-7-5161-7338-1:CNY139.00
    本书包括中国国有经济发展的历史沿革、国有经济现状、国有经济的行业分布与控制力、中国发展国有经济的理论依据、发展混合所有制研究、产权保护制度研究等内容。
●
相关链接 在E读中查询图书 在五车中查询图书 在当当中查询图书 在豆瓣中查询图书


正题名:新时期全面深化国有经济改革研究     索取号:F121.21/267         预约/预借

序号 登录号 条形码 馆藏地/架位号 状态 备注
1 0963223   209632236   第一样本阅览室/ [索取号:F121.21/267] 在馆    
2 0963224   209632245   第一借阅区/ [索取号:F121.21/267] 在馆    
唐山师范学院图书馆 欢迎您!
大连网信软件有限公司© 版权所有